Surr tai taal / (Record no. 525012)

000 -LEADER
fixed length control field 00462nam a22001697a 4500
003 - CONTROL NUMBER IDENTIFIER
control field NUST
020 ## - INTERNATIONAL STANDARD BOOK NUMBER
Terms of availability Paperback
038 ## - RECORD CONTENT LICENSOR
Staff Name M. Shaban
082 ## - DEWEY DECIMAL CLASSIFICATION NUMBER
Classification number 891.421
Author Mark NIA
100 ## - MAIN ENTRY--PERSONAL NAME
Personal name Niazi, Muhammad Mazhar
9 (RLIN) 15808
245 ## - TITLE STATEMENT
Title Surr tai taal /
Statement of responsibility, etc. Muhammad Mazhar Niazi
260 ## - PUBLICATION, DISTRIBUTION, ETC.
Place of publication, distribution, etc. Faisalabad :
Name of publisher, distributor, etc. Missal Publishers,
Date of publication, distribution, etc. 2007.
300 ## - PHYSICAL DESCRIPTION
Extent 96 p. ;
880 ## - ALTERNATE GRAPHIC REPRESENTATION
Linkage 100-01\r
Title محمد مظہر نیاذی
880 ## - ALTERNATE GRAPHIC REPRESENTATION
Linkage 245-02\r
Title سُر تے تال /
942 ## - ADDED ENTRY ELEMENTS (KOHA)
Source of classification or shelving scheme
Koha item type Book
Holdings
Withdrawn status Lost status Source of classification or shelving scheme Damaged status Not for loan Permanent Location Current Location Shelving location Date acquired Total Checkouts Full call number Barcode Date last seen Price effective from Koha item type
          Central Library (CL) Central Library (CL) Punjabi Literature 06/27/2019   891.421 NIA CL-E-989 06/27/2019 06/27/2019 Book
© 2023 Central Library, National University of Sciences and Technology. All Rights Reserved.